Appel ta copine - Gims paroles - Statistiques

Statistiques générales
  • Ce quiz a été pris 111 fois
  • Le résultat moyen est 167 sur 366
Statistiques - réponses
Réponse % Correct
à
99%
a
99%
appel
96%
copine,
96%
copine
96%
ta
95%
beauté
78%
Beauté
78%
assassine,
73%
assassine
73%
pour
72%
appelle
71%
Appelle
71%
la
66%
le
66%
de
65%
chill
64%
dis-lui
63%
en
59%
j’ai
59%
J’ai
59%
haut
55%
qu’c’est
55%
tout
55%
mis
53%
pile
53%
dossier
52%
ce
51%
ton
51%
il
50%
du
49%
faut
46%
gratter
46%
je
46%
dans
45%
j’vais
45%
cardio,
43%
pas
40%
chaud
39%
bise
38%
c’est
38%
sang
38%
ville,
38%
ville
38%
décision
35%
ne
34%
prendre
34%
les
33%
un
33%
un,
33%
cible,
30%
cible
30%
y
30%
te
29%
ou
28%
qui
28%
racistes
28%
l’anneau,
27%
danser
26%
fait
26%
j’baraude
26%
son
26%
sous
26%
encore
25%
faire
25%
sur
25%
va
25%
verrouille
25%
l’capot
24%
sans
24%
warano,
23%
avec
22%
liste
22%
on
22%
l’antagoniste
21%
v’là
21%
fais
20%
(oh,
20%
oh,
20%
oh),
20%
oh)
20%
qu’on
20%
t’es
20%
deux,
18%
mille
18%
faux
17%
suis
17%
team
17%
Boum,
16%
boum,
16%
cils
16%
c’que
16%
deal
16%
(Pista,
16%
Pista)
16%
prête
16%
soir,
16%
tcha-tcha,
16%
tcha-tcha
16%
touché
16%
j’crois
15%
libre,
15%
t’étais
15%
fascine
14%
montre-moi
14%
plein
14%
quand
14%
bille,
12%
dis-moi
11%
signe?
11%
(ah,
10%
ah)
10%
ah,
10%
ah),
10%
impatiente,
9%
oh-oh
9%
Boom,
5%
boom,
5%
jeune
5%
(mmh,
5%
mmh)
5%
l’Ferrari Pista
4%
Aucun quiz correspondant
Distribution des résultats
% des personnes avec chaque résultat
Percentile par nombre de réponses
Votre historique - résultats
Vous n’avez pas pris ce quiz